Les députés de droite à l’Assemblée nationale depuis 2024 - Statistiques

Statistiques générales
  • Ce quiz a été pris 22 fois
    19 depuis la dernière actualisation
  • Le résultat moyen est 39 sur 188
Statistiques - réponses
Circonscription Groupe Député % Correct
1ère circonscription des Alpes-Maritimes Union des Droites pour la République Eric Ciotti
100%
11ème circonscription du Pas-de-Calais Rassemblement National Marine Le Pen
100%
4ème circonscription de Somme Rassemblement National Jean-Philippe Tanguy
87%
2ème circonscription du Var Rassemblement National Laure Lavalette
87%
1ère circonscription de Haute-Loire Droite Républicaine Laurent Wauquiez
80%
19ème circonscription du Nord Rassemblement National Sébastien Chenu
80%
3ème circonscription d'Yonne Rassemblement National Julien Odoul
73%
11ème circonscription de Gironde Rassemblement National Edwige Diaz
67%
8ème circonscription de Moselle Rassemblement National Laurent Jacobelli
67%
9ème circonscription de l'Hérault Union des Droites pour la République Charles Alloncle
60%
2ème circonscription du Lot-et-Garonne Rassemblement National Hélène Laporte
60%
4ème circonscription des Alpes-Maritimes Rassemblement National Alexandra Masson
53%
6ème circonscription des Alpes-Maritimes Rassemblement National Bryan Masson
53%
9ème circonscription du Pas-de-Calais Rassemblement National Caroline Parmentier
53%
12ème circonscription des Bouches-du-Rhône Rassemblement National Franck Allisio
53%
8ème circonscription d'Isère Union des Droites pour la République Hanane Mansouri
53%
3ème circonscription des Hauts-de-Seine Droite Républicaine Philippe Juvin
53%
4ème circonscription de Meurthe-et-Moselle Droite Républicaine Thibault Bazin
53%
5ème circonscription des Alpes-Maritimes Union des Droites pour la République Christelle D'Intorni
47%
2ème circonscription de l'Aisne Droite Républicaine Julien Dive
47%
7ème circonscription du Bas-Rhin Droite Républicaine Patrick Hetzel
47%
2ème circonscription d'Orne Droite Républicaine Véronique Louwagie
47%
8ème circonscription des Alpes-Maritimes Droite Républicaine Alexandra Martin
40%
3ème circonscription du Maine-et-Loire Droite Républicaine Anne-Laure Blin
40%
12ème circonscription du Pas-de-Calais Rassemblement National Bruno Bilde
40%
7ème circonscription des Alpes-Maritimes Droite Républicaine Eric Pauget
40%
4ème circonscription de Moselle Droite Républicaine Fabien Di Filippo
40%
2ème circonscription de Haute-Corse Droite Républicaine François-Xavier Ceccoli
40%
7ème circonscription du Var Rassemblement National Frédéric Boccaletti
40%
1ère circonscription du Territoire de Belfort Droite Républicaine Ian Boucard
40%
2ème circonscription du Jura Droite Républicaine Marie-Christine Dalloz
40%
6ème circonscription de Seine-Maritime Rassemblement National Patrice Martin
40%
4ème circonscription du Loiret Rassemblement National Thomas Ménagé
40%
1ère circonscription de l'Ain Droite Républicaine Xavier Breton
40%
3ème circonscription de l'Aube Rassemblement National Angélique Ranc
33%
1ère circonscription de Creuse Union des Droites pour la République Bartolomé Lenoir
33%
1ère circonscription de l'Aude Rassemblement National Christophe Barthès
33%
3ème circonscription des Bouches-du-Rhône Rassemblement National Gisèle Lelouis
33%
3ème circonscription du Vaucluse Rassemblement National Hervé de Lépinau
33%
3ème circonscription de l'Aude Rassemblement National Julien Rancoule
33%
3ème circonscription du Jura Droite Républicaine Justine Gruet
33%
2ème circonscription de Tarn-et-Garonne Rassemblement National Marine Hamelet
33%
2ème circonscription de Paris Droite Républicaine Michel Barnier
33%
3ème circonscription du Gard Rassemblement National Pascale Bordes
33%
1ère circonscription de Manche Droite Républicaine Philippe Gosselin
33%
1ère circonscription du Gard Rassemblement National Yoann Gillet
33%
2ème circonscription de Mayotte Rassemblement National Anchya Bamana
27%
1ère circonscription du Val-d'Oise Rassemblement National (Apparenté) Anne Sicard
27%
3ème circonscription de Charente Rassemblement National Caroline Colombier
27%
2ème circonscription des Vosges Rassemblement National Gaëtan Dussausaye
27%
2ème circonscription de Saône-et-Loire Droite Républicaine Josiane Corneloup
27%
3ème circonscription de Somme Rassemblement National Matthias Renault
27%
9ème circonscription des Alpes-Maritimes Droite Républicaine Michèle Tabarot
27%
3ème circonscription de l'Allier Droite Républicaine Nicolas Ray
27%
2ème circonscription d'Oise Rassemblement National Philippe Ballard
27%
5ème circonscription de l'Hérault Rassemblement National Stéphanie Galzy
27%
1ère circonscription du Cantal Droite Républicaine (Apparenté) Vincent Descoeur
27%
4ème circonscription de Haute-Savoie Droite Républicaine (Apparenté) Virginie Duby-Muller
27%
7ème circonscription d'Isère Droite Républicaine Yannick Neuder
27%
3ème circonscription des Côtes-d'Armor Droite Républicaine Corentin Le Fur
20%
9ème circonscription des Hauts-de-Seine Droite Républicaine Elisabeth de Maistre
20%
16ème circonscription des Bouches-du-Rhône Rassemblement National Emmanuel Taché
20%
4ème circonscription de Saône-et-Loire Union des Droites pour la République Eric Michoux
20%
3ème circonscription de l'Ardèche Droite Républicaine (Apparenté) Fabrice Brun
20%
6ème circonscription du Var Rassemblement National Frank Giletti
20%
5ème circonscription d'Oise Rassemblement National Frédéric-Pierre Vos
20%
14ème circonscription des Bouches-du-Rhône Union des Droites pour la République Gérault Verny
20%
3ème circonscription de Seine-et-Marne Droite Républicaine Jean-Louis Thiériot
20%
2ème circonscription du Cantal Droite Républicaine Jean-Yves Bony
20%
5ème circonscription de l'Aisne Rassemblement National Jocelyn Dessigny
20%
10ème circonscription des Bouches-du-Rhône Rassemblement National José Gonzalez
20%
4ème circonscription de Seine-et-Marne Rassemblement National Julien Limongi
20%
2ème circonscription des Alpes-Maritimes Rassemblement National Lionel Tivoli
20%
1ère circonscription de Meuse Rassemblement National Maxime Amblard
20%
3ème circonscription de Marne Union des Droites pour la République Maxime Michelet
20%
12ème circonscription du Nord Rassemblement National Michaël Taverne
20%
8ème circonscription du Val-de-Marne Droite Républicaine Michel Herbillon
20%
4ème circonscription du Gard Rassemblement National Pierre Meurin
20%
2ème circonscription de l'Aube Droite Républicaine Valérie Bazin-Malgras
20%
5ème circonscription de Somme Rassemblement National Yaël Ménaché
20%
5ème circonscription du Gard Union des Droites pour la République Alexandre Allegret-Pilot
13%
18ème circonscription du Nord Rassemblement National Alexandre Dufosset
13%
7ème circonscription de Moselle Rassemblement National Alexandre Loubet
13%
9ème circonscription du Rhône Droite Républicaine Alexandre Portier
13%
3ème circonscription d'Oise Rassemblement National Alexandre Sabatou
13%
3ème circonscription de Haute-Savoie Union des Droites pour la République Antoine Valentin
13%
5ème circonscription de la Loire Droite Républicaine Antoine Vermorel-Marques
13%
7ème circonscription de l'Hérault Rassemblement National Aurélien Lopez-Liguori
13%
3ème circonscription du Pas-de-Calais Rassemblement National Bruno Clavet
13%
1ère circonscription de Haute-Marne Rassemblement National Christophe Bentz
13%
1ère circonscription d'Oise Rassemblement National Claire Marais-Beuil
13%
3ème circonscription de l'Aisne Rassemblement National (Apparenté) Eddy Casterman
13%
3ème circonscription de Savoie Droite Républicaine Emilie Bonnivard
13%
2ème circonscription de l'Aude Rassemblement National Frédéric Falcon
13%
3ème circonscription de Meurthe-et-Moselle Rassemblement National Frédéric Weber
13%
2ème circonscription de Corrèze Droite Républicaine Frédérique Meunier
13%
2ème circonscription du Territoire de Belfort Rassemblement National Guillaume Bigot
13%
12ème circonscription des Hauts-de-Seine Droite Républicaine Jean-Didier Berger
13%
7ème circonscription d'Ille-et-Vilaine Droite Républicaine (Apparenté) Jean-Luc Bourgeaux
13%
2ème circonscription de l'Allier Rassemblement National Jorys Bovet
13%
4ème circonscription de l'Aisne Rassemblement National José Beaurain
13%
3ème circonscription de Réunion Rassemblement National Joseph Rivière
13%
2ème circonscription de Nièvre Rassemblement National Julien Guibert
13%
3ème circonscription d'Eure Rassemblement National Kévin Mauvieux
13%
4ème circonscription du Vaucluse Rassemblement National Marie-France Lorho
13%
3ème circonscription du Doubs Union des Droites pour la République Matthieu Bloch
13%
4ème circonscription des Pyrénées-Orientales Rassemblement National Michèle Martinez
13%
6ème circonscription d'Oise Rassemblement National Michel Guiniot
13%
2ème circonscription d'Essonne Rassemblement National Nathalie Da Conceicao Carvalho
13%
2ème circonscription du Gard Rassemblement National Nicolas Meizonnet
13%
6ème circonscription des Bouches-du-Rhône Union des Droites pour la République Olivier Fayssat
13%
8ème circonscription du Var Rassemblement National Philippe Schreck
13%
1ère circonscription de Tarn-et-Garonne Union des Droites pour la République Pierre-Henri Carbonnel
13%
10ème circonscription de Seine-Maritime Rassemblement National Robert Le Bourgeois
13%
2ème circonscription du Loir-et-Cher Rassemblement National Roger Chudeau
13%
15ème circonscription des Bouches-du-Rhône Rassemblement National Romain Baubry
13%
3ème circonscription des Pyrénées-Orientales Rassemblement National Sandrine Dogor-Such
13%
2ème circonscription de Dordogne Rassemblement National Serge Muller
13%
2ème circonscription d'Yonne Rassemblement National Sophie-Laurence Roy
13%
2ème circonscription des Alpes-de-Haute-Provence Union des Droites pour la République Sophie Ricourt Vaginay
13%
3ème circonscription du Var Rassemblement National Stéphane Rambaud
13%
4ème circonscription de la Loire Droite Républicaine Sylvie Bonnet
13%
6ème circonscription du Gard Rassemblement National Sylvie Josserand
13%
8ème circonscription du Bas-Rhin Rassemblement National Théo Bernhardt
13%
4ème circonscription de Drôme Rassemblement National (Apparenté) Thibaut Monnier
13%
10ème circonscription du Pas-de-Calais Rassemblement National Thierry Frappé
13%
13ème circonscription du Rhône Rassemblement National Tiffany Joncour
13%
2ème circonscription de l'Ardèche Union des Droites pour la République Vincent Trébuchet
13%
6ème circonscription d'Isère Rassemblement National Alexis Jolly
7%
2ème circonscription d'Indre Droite Républicaine (Apparenté) Alix Fruchon
7%
2ème circonscription des Pyrénées-Orientales Rassemblement National Anaïs Sabatini
7%
6ème circonscription de Meurthe-et-Moselle Rassemblement National Anthony Boulogne
7%
5ème circonscription du Pas-de-Calais Rassemblement National Antoine Golliot
7%
8ème circonscription du Pas-de-Calais Rassemblement National Auguste Evrard
7%
6ème circonscription de Seine-et-Marne Rassemblement National Béatrice Roullaud
7%
3ème circonscription des Alpes-Maritimes Union des Droites pour la République Bernard Chaix
7%
5ème circonscription du Vaucluse Rassemblement National Catherine Rimbert
7%
1ère circonscription des Alpes-de-Haute-Provence Rassemblement National Christian Girard
7%
7ème circonscription d'Oise Rassemblement National David Magnier
7%
1ère circonscription du Pas-de-Calais Rassemblement National Emmanuel Blairy
7%
13ème circonscription des Bouches-du-Rhône Rassemblement National Emmanuel Fouquart
7%
5ème circonscription du Doubs Droite Républicaine Eric Liégeon
7%
2ème circonscription de Meuse Rassemblement National Florence Goulet
7%
4ème circonscription du Doubs Rassemblement National Géraldine Grangier
7%
4ème circonscription de Côte-d'Or Droite Républicaine Hubert Brigand
7%
6ème circonscription de la Loire Droite Républicaine Jean-Pierre Taite
7%
9ème circonscription des Bouches-du-Rhône Rassemblement National Joëlle Mélin
7%
1ère circonscription de l'Aube Rassemblement National Jordan Guitton
7%
6ème circonscription de Moselle Rassemblement National Kévin Pfeffer
7%
2ème circonscription de Haute-Marne Rassemblement National Laurence Robert-Dehault
7%
2ème circonscription de Drôme Rassemblement National Lisette Pollet
7%
5ème circonscription de l'Ain Union des Droites pour la République Marc Chavent
7%
7ème circonscription du Pas-de-Calais Rassemblement National Marc de Fleurian
7%
16ème circonscription du Nord Rassemblement National Matthieu Marchio
7%
1ère circonscription des Bouches-du-Rhône Rassemblement National Monique Griseti
7%
1ère circonscription de Dordogne Rassemblement National Nadine Lechon
7%
1ère circonscription de l'Aisne Rassemblement National Nicolas Dragon
7%
2ème circonscription des Ardennes Droite Républicaine (Apparenté) Pierre Cordier
7%
8ème circonscription des Bouches-du-Rhône Rassemblement National Romain Tonussi
7%
10ème circonscription d'Isère Rassemblement National Thierry Perez
7%
5ème circonscription d'Eure Rassemblement National Timothée Houssin
7%
1ère circonscription de Haute-Saône Rassemblement National Antoine Villedieu
0%
3ème circonscription de Saône-et-Loire Rassemblement National Aurélien Dutremble
0%
2ème circonscription du Vaucluse Rassemblement National Bénédicte Auzanot
0%
2ème circonscription d'Eure-et-Loir Droite Républicaine Christelle Minard
0%
1ère circonscription d'Eure Rassemblement National Christine Loir
0%
2ème circonscription de Haute-Saône Rassemblement National Emeric Salmon
0%
3ème circonscription de Dordogne Rassemblement National Florence Joubert
0%
20ème circonscription du Nord Rassemblement National Guillaume Florquin
0%
3ème circonscription du Lot-et-Garonne Droite Républicaine Guillaume Lepers
0%
2ème circonscription de Haute-Loire Droite Républicaine Jean-Pierre Vigier
0%
4ème circonscription de l'Ain Rassemblement National Jérôme Buisson
0%
3ème circonscription d'Orne Droite Républicaine Jérôme Nury
0%
8ème circonscription du Rhône Rassemblement National Jonathan Gery
0%
5ème circonscription du Var Rassemblement National Julie Lechanteux
0%
6ème circonscription de l'Hérault Rassemblement National Julien Gabarron
0%
2ème circonscription d'Eure Rassemblement National Katiana Levavasseur
0%
5ème circonscription de Saône-et-Loire Droite Républicaine Lionel Duparay
0%
4ème circonscription de l'Hérault Rassemblement National Manon Bouquin
0%
7ème circonscription du Val-de-Marne Droite Républicaine Nicolas Tryzna
0%
5ème circonscription de Moselle Rassemblement National Pascal Jenft
0%
4ème circonscription de Charente-Maritime Rassemblement National Pascal Markowsky
0%
4ème circonscription du Var Rassemblement National Philippe Lottiaux
0%
5ème circonscription de Côte-d'Or Rassemblement National René Lioret
0%
4ème circonscription des Vosges Rassemblement National Sébastien Humbert
0%
1ère circonscription des Pyrénées-Orientales Rassemblement National Sophie Blanc
0%
17ème circonscription du Nord Rassemblement National Thierry Tesson
0%
2ème circonscription de Savoie Droite Républicaine Vincent Rolland
0%
Aucun quiz correspondant
Distribution des résultats
% des personnes avec chaque résultat
Percentile par nombre de réponses
Votre historique - résultats
Vous n’avez pas pris ce quiz depuis la dernière actualisation